2020-21 NBA Top 50 Leading Scorers (Total Points Scored) - Statistics

General Stats
  • This quiz has been taken 96 times
  • The average score is 41 of 50
Answer Stats
Points Answer Team % Correct
1717 Giannis Antetokounmpo MIL
100%
2015 Stephen Curry GSW
100%
1878 Bradley Beal WAS
99%
1928 Damian Lillard POR
99%
1830 Luka Dončić DAL
99%
1898 Nikola Jokić DEN
99%
1712 Devin Booker PHO
98%
1594 Trae Young ATL
98%
1692 Jayson Tatum BOS
96%
1591 Zach LaVine CHI
96%
1149 Chris Paul PHO
95%
1430 Jaylen Brown BOS
95%
1451 Joel Embiid PHI
95%
1401 Donovan Mitchell UTA
94%
1116 Jimmy Butler MIA
94%
1712 Julius Randle NYK
94%
1647 Zion Williamson NOP
94%
1204 Ja Morant MEM
93%
1451 Kyrie Irving BRK
93%
1259 Paul George LAC
93%
1461 De'Aaron Fox SAC
92%
1385 Khris Middleton MIL
92%
1126 LeBron James LAL
92%
1083 James Harden HOU/BRK
90%
1292 Kawhi Leonard LAC
90%
1239 Karl-Anthony Towns MIN
89%
1450 Brandon Ingram NOP
86%
1639 Nikola Vučević ORL/CHI
84%
1320 Andrew Wiggins GSW
83%
1316 DeMar DeRozan SAS
82%
1196 Pascal Siakam TOR
82%
1260 Domantas Sabonis IND
80%
1087 CJ McCollum POR
78%
1460 Collin Sexton CLE
76%
1111 John Collins ATL
76%
1392 Anthony Edwards MIN
75%
1197 Bam Adebayo MIA
75%
1445 Russell Westbrook WAS
75%
1210 Tobias Harris PHI
73%
1162 Michael Porter Jr. DEN
71%
1176 Buddy Hield SAC
66%
1225 Bojan Bogdanović UTA
65%
1264 RJ Barrett NYK
63%
1407 Terry Rozier CHO
59%
1205 Jerami Grant DET
58%
1151 Dillon Brooks MEM
55%
1251 Jordan Clarkson UTA
52%
1186 Malcolm Brogdon IND
48%
1163 Tim Hardaway Jr. DAL
48%
1283 Norman Powell TOR/POR
47%
No matching quizzes found
Score Distribution
Percent of People with Each Score
Percentile by Number Answered
Your Score History
You have not taken this quiz